000 00808nam a2200289Ia 4500
001 26382
005 20240114000922.0
007 ta
008 060508s2002 g b000 u 465 u
020 _cHB
040 _aCotton College,Assam
041 _a465
082 _a954
_bMo726 Re
100 _aMohammed, Jigar .
245 0 _aRevenue Free Land Grants in Mughal India: Awadh Region in the Seventeenth and Eighteenth Centuries (1658-1765) /
_cJigar Mohammed.
_hTextual Documents
250 _a1st ed. /
260 _aNew Delhi :
_bManohar Publishers ,
_c2002.
300 _a147p. ;
_c22cm.
504 _aIndex
653 _aHistory
653 _aHistory-India
653 _aIndian History
653 _aG-History
942 _2ddc
_cBK
999 _c26364
_d26364